书目信息 |
| 题名: |
土木工程专业毕业设计指南·岩土工程分册
|
|
| 作者: | 袁聚云 编著 | |
| 分册: | ||
| 出版信息: | 北京 中国水利水电出版社 1999.04 |
|
| 页数: | 166页 | |
| 开本: | 16开 | |
| 丛书名: | ||
| 单 册: | ||
| 中图分类: | TU2 | |
| 科图分类: | ||
| 主题词: | 建筑设计 | |
| 电子资源: | ||
| ISBN: | 7-80124-993-3 | |
| 000 | 00623nam0 2200193 45 | |
| 001 | 0003141654 | |
| 005 | 20000314160508.0 | |
| 010 | @a7-80124-993-3@d18.00元 | |
| 100 | @a20000314d1999 km y0chiy0120 ea | |
| 101 | @achi | |
| 105 | @a z 000yy | |
| 200 | 1 | @a土木工程专业毕业设计指南·岩土工程分册@Atu mu gong cheng zhuan ye bi ye she ji zhi nan·yan tu gong cheng fen ce@f袁聚云等编著@FYuan Ju Yun Deng Bian Zhu |
| 210 | @a北京@c中国水利水电出版社@d1999.04 | |
| 215 | @a166页@d16开 | |
| 606 | 0 | @a建筑设计 |
| 690 | @aTU2@v3 | |
| 701 | @a袁聚云@4编著 | |
| 801 | @aCN@bPftUser@c20000314 | |
| 905 | @f2@b50676-677@dTU2@eY915 | |
| 土木工程专业毕业设计指南·岩土工程分册/袁聚云等编著.-北京:中国水利水电出版社,1999.04 |
| 166页;16开 |
| ISBN 7-80124-993-3:18.00元 |
| ● |
| 相关链接 |
|
|
|
正题名:土木工程专业毕业设计指南·岩土工程分册
索取号:TU2/Y915
 
预约/预借
| 序号 | 登录号 | 条形码 | 馆藏地/架位号 | 状态 | 备注 |
| 1 | 50676 | 200506764 | 建筑库101/101建筑库 31排2列2层/ [索取号:TU2/Y915] | 在馆 | |
| 2 | 50677 | 200506773 | 建筑库101/ [索取号:TU2/Y915] | 在馆 |